Statistiques concernant Drapeaux de pays avec le plus de rouge

Cliquez ici pour prendre le quiz!

Statistiques générales

  • Ce quiz a été pris 4 296 fois
  • Le résultat moyen est 12 sur 15

Statistiques - réponses

Réponse% Correct
Chine
99%
Suisse
99%
Turquie
98%
Maroc
96%
Albanie
94%
Tunisie
94%
Danemark
93%
Viêt Nam
90%
Lettonie
84%
Monténégro
75%
Taïwan
67%
Tonga
63%
Kirghizistan
58%
Samoa
54%
Timor oriental
44%

Distribution des résultats

Percentile par nombre de réponses

% des personnes avec chaque résultat

Votre développement - résultats

Vous n’avez pas pris ce quiz